书目信息 |
| 题名: |
缝纫机的使用与维修
|
|
| 作者: | 范震威 编著 | |
| 分册: | ||
| 出版信息: | 哈尔滨 黑龙江科学技术出版社 1981 |
|
| 页数: | 262页 | |
| 开本: | 20cm | |
| 丛书名: | ||
| 单 册: | ||
| 中图分类: | TS941.5 | |
| 科图分类: | ||
| 主题词: | 服装工业 | |
| 电子资源: | ||
| ISBN: | ||
| 000 | 00558nam0 2200193 450 | |
| 001 | 0752757889 | |
| 005 | 20070123144041.31 | |
| 010 | @dRMB 0.82 | |
| 100 | @a20070123d1981 km y0chiy0120 ea | |
| 101 | 0 | @achi |
| 102 | @aCN@b230000 | |
| 200 | 1 | @a缝纫机的使用与维修@Afeng ren ji de shi yong yu wei xiu@f范震威编著@Ffan zhen wei bian zhu |
| 210 | @a哈尔滨@c黑龙江科学技术出版社@d1981 | |
| 215 | @a262页@d20cm | |
| 606 | 0 | @a服装工业 |
| 690 | @aTS941.5@v3 | |
| 701 | 0 | @a范震威@Afan zhen wei@4编著 |
| 801 | 0 | @aCN@bNISOFT@c20070123 |
| 905 | @a10447@dTS941.5@eF167 | |
| 缝纫机的使用与维修/范震威编著.-哈尔滨:黑龙江科学技术出版社,1981 |
| 262页;20cm |
| ISBN :RMB 0.82 |
| ● |
| 相关链接 |
|
|
|
正题名:缝纫机的使用与维修
索取号:TS941.5/F167
 
预约/预借
| 序号 | 登录号 | 条形码 | 馆藏地/架位号 | 状态 | 备注 |
| 1 | 445101 | 204451011 | 自科库501/501自科库 74排1列3层/ [索取号:TS941.5/F167] | 在馆 |